| 000 | 00452nam a2200157Ia 4500 | ||
|---|---|---|---|
| 008 | 210716s2005 xx 000 0 und d | ||
| 020 | _a8122416225 | ||
| 041 | _aeng | ||
| 082 | _a332.6 HUGD | ||
| 100 | _aHughes, Duncan. | ||
| 245 |
_aAsset management: in theory and practice. _bIn theory and practice. |
||
| 250 | _a1 | ||
| 260 |
_aBangalore _bNew Age International Pvt Ltd _c2005 |
||
| 300 | _avi,242 | ||
| 650 | _aInvestment-Capital Market(332.6) | ||
| 999 |
_c199561 _d199561 |
||